Electoral politics in South Asia / (Record no. 134055)

MARC details
000 -LEADER
fixed length control field 00742nam a22002417a 4500
005 - DATE AND TIME OF LATEST TRANSACTION
control field 20170124110220.0
010 ## - LIBRARY OF CONGRESS CONTROL NUMBER
LC control number B-024327
020 ## - INTERNATIONAL STANDARD BOOK NUMBER
Terms of availability 400.00
International Standard Book Number 8170742234
035 ## - SYSTEM CONTROL NUMBER
System control number B-024327
037 ## - SOURCE OF ACQUISITION
Source of stock number/acquisition Cen Lib/Ret
040 ## - CATALOGING SOURCE
Original cataloging agency DPL
Language of cataloging EN
082 ## - DEWEY DECIMAL CLASSIFICATION NUMBER
Classification number 324.60954
Item number ELE
245 ## - TITLE STATEMENT
Title Electoral politics in South Asia /
Statement of responsibility, etc edited by Subho Basu [and] Suranjan Das
260 ## - PUBLICATION, DISTRIBUTION, ETC. (IMPRINT)
Place of publication, distribution, etc Calcutta
Name of publisher, distributor, etc K.P. Bagchi
Date of publication, distribution, etc 2000
270 ## - ADDRESS
City Calcutta
Address 286 B. B. Ganguly Street
Postal code 700012
300 ## - PHYSICAL DESCRIPTION
Extent xxxix,241p.
Dimensions 22cm(Hb)
500 ## - GENERAL NOTE
General note Includes index<br/>
650 ## - SUBJECT ADDED ENTRY--TOPICAL TERM
Topical term or geographic name as entry element Elections -- India
9 (RLIN) 36
650 ## - SUBJECT ADDED ENTRY--TOPICAL TERM
Topical term or geographic name as entry element Elections -- South Asia
9 (RLIN) 39658
700 ## - ADDED ENTRY--PERSONAL NAME
Personal name Basu, Subho
9 (RLIN) 39655
700 ## - ADDED ENTRY--PERSONAL NAME
Personal name Das, Suranjan
9 (RLIN) 39656
942 ## - ADDED ENTRY ELEMENTS (KOHA)
Source of classification or shelving scheme Dewey Decimal Classification
Koha item type English Books
Classification part 324.60954
Call number suffix ELE
Holdings
Withdrawn status Lost status Damaged status Not for loan Home library Current library Date acquired Source of acquisition Cost, normal purchase price Total Checkouts Full call number Barcode Date last seen Date checked out Copy number Cost, replacement price Price effective from Koha item type
        Central Library Central Library 28/07/2015 Cen Lib/Ret 400.00 1 324.60954 ELE B-024327 01/05/2018 24/04/2018 1 400.00 28/07/2015 English Books

© Delhi Public Library
Hit Counter
free hit counter